| 000 | 00611nas a22001937a 4500 | ||
|---|---|---|---|
| 003 | OSt | ||
| 005 | 20151125111020.0 | ||
| 008 | 130628d19861992spa||||| |||| 00| 0 spa d | ||
| 040 |
_cCDMR _bcat |
||
| 245 | 0 |
_aPeriodistas _cAsociación de la Prensa de Madrid |
|
| 260 |
_aMadrid _bAsociación de la Prensa de Madrid _c1986-1992 |
||
| 300 |
_anúm. _ccm |
||
| 310 |
_aMensual _b1988-1992 |
||
| 362 | _aNúm. 1 (des. 1986) - núm. 58 (oct. 1992) | ||
| 650 | 0 | 4 |
_93173 _aPeriodisme _zEspanya _vRevistes |
| 650 | 0 | 4 |
_92742 _aPremsa _zEspanya _vRevistes |
| 710 | 2 |
_987 _aAsociación de la Prensa de Madrid |
|
| 942 |
_2udc _cSER |
||
| 999 |
_c6541 _d6541 |
||